माधवराज सप्रे और उनका युगः (हिन्दी पत्रकारिता के पुरूष सप्रे जी के व्यक्तित्व एवं कृत्तित्व पर शोधपूर्ण साहचर्य) / (Record no. 12004)
[ view plain ]
| 000 -LEADER | |
|---|---|
| fixed length control field | 01370 a2200217 4500 |
| 005 - DATE AND TIME OF LATEST TRANSACTION | |
| control field | 2008082704264.0 |
| 008 - FIXED-LENGTH DATA ELEMENTS--GENERAL INFORMATION | |
| fixed length control field | 080827t xxu||||| |||| 00| 0 hin d |
| 010 ## - LIBRARY OF CONGRESS CONTROL NUMBER | |
| LC control number | HIN-83265 |
| 020 ## - INTERNATIONAL STANDARD BOOK NUMBER | |
| International Standard Book Number | 8185309655 |
| Terms of availability | 175.00 |
| 035 ## - SYSTEM CONTROL NUMBER | |
| System control number | HN-55611 |
| 037 ## - SOURCE OF ACQUISITION | |
| Source of stock number/acquisition | पु.प्र.अ.प्र/प्रका |
| 082 ## - DEWEY DECIMAL CLASSIFICATION NUMBER | |
| Classification number | 820.8 |
| 100 ## - MAIN ENTRY--PERSONAL NAME | |
| Personal name | गायत्री कमलेश्वर |
| 245 ## - TITLE STATEMENT | |
| Title | माधवराज सप्रे और उनका युगः (हिन्दी पत्रकारिता के पुरूष सप्रे जी के व्यक्तित्व एवं कृत्तित्व पर शोधपूर्ण साहचर्य) / |
| Statement of responsibility, etc | गायत्री कमलेश्वर |
| 246 ## - VARYING FORM OF TITLE | |
| Title proper/short title | Madhavrao Sapre aur unka yug |
| Remainder of title | by Gayatri Kamleswar |
| 260 ## - PUBLICATION, DISTRIBUTION, ETC. (IMPRINT) | |
| Place of publication, distribution, etc | गाजियाबाद |
| Name of publisher, distributor, etc | अमित प्रकाशन |
| Date of publication, distribution, etc | 2007 |
| 270 ## - ADDRESS | |
| Address | के.बी.97, कविनगर |
| City | गाजियाबाद |
| Postal code | 201002 |
| State or province | (उ.प्र.) |
| 300 ## - PHYSICAL DESCRIPTION | |
| Extent | 136पृ |
| Dimensions | 22 सेमी (सजिल्द) |
| 942 ## - ADDED ENTRY ELEMENTS (KOHA) | |
| Institution code [OBSOLETE] | dpl |
| Koha item type | Hindi Books |
| Call number prefix | 820.8 / गायत्री |
| Source of classification or shelving scheme | Dewey Decimal Classification |
| Classification part | 820.8 |
| Call number suffix | गायत्री |
| Withdrawn status | Lost status | Damaged status | Not for loan | Home library | Current library | Date acquired | Cost, normal purchase price | Total Checkouts | Full call number | Barcode | Date last seen | Copy number | Uniform Resource Identifier | Cost, replacement price | Price effective from | Koha item type |
|---|---|---|---|---|---|---|---|---|---|---|---|---|---|---|---|---|
| D.B.Act.Division | D.B.Act.Division | 175.00 | 820.8 गायत्री | HN-55611 | 15/09/2008 | 1 | 13129 | 175.00 | 15/09/2008 | Hindi Books |
